| 000 | 00762nam a2200193 a 4500 | ||
|---|---|---|---|
| 001 | 22715 | ||
| 003 | CO-ViMGA | ||
| 008 | 141112s2004 ck r 000 u spa d | ||
| 020 | _a9586903907 | ||
| 040 |
_aCO-ViMGA _bspa _cCO-ViMGA |
||
| 082 | 0 | 4 | _a340.0285 M176d |
| 100 | 1 |
_aMarquez Escobar Carlos Pablo _932383 |
|
| 245 | 1 | 0 | _aEl delito informatico |
| 260 |
_aColombia : _bLeyer |
||
| 300 | _a313 Pag | ||
| 505 | _aUna aproximacin a la teorica de la informacin y la comunicacion, La informacion como bien politico, economico y juridico, Informacion y delito , El delito lainformacion y los bienes juridicos tutelados | ||
| 650 | 1 | 4 |
_aDELITOS POR COMPUTADOR - ASPECTOS JURIDICO - COLOMBIA, DELITO INFORMATICO, INFORMATICA JURIDICA _932384 |
| 942 |
_2ddc _cBK |
||
| 999 |
_c31013 _d31013 |
||